Determination of heavy metals in water color by atomic absorption spectroscopy /
Saved in:
| 主要作者: | |
|---|---|
| 格式: | Thesis 圖書 |
| 語言: | English |
| 出版: |
2010.
|
| 主題: | |
| 標簽: |
添加標簽
沒有標簽, 成為第一個標記此記錄!
|
| LEADER | 00919cam a2200253 a 4500 | ||
|---|---|---|---|
| 001 | u796254 | ||
| 003 | SIRSI | ||
| 005 | 201008230939 | ||
| 008 | 100823s2010 my a t 000 0 eng m | ||
| 040 | |a UMM. | ||
| 090 | |a QD3 |b UM 2010 Chu. | ||
| 100 | 1 | |a Chuk, Wai Yee. | |
| 245 | 1 | 0 | |a Determination of heavy metals in water color by atomic absorption spectroscopy / |c Chuk Wai Yee. |
| 260 | |c 2010. | ||
| 300 | |a ix, 54 leaves : |b ill. ; |c 30 cm. | ||
| 502 | |a Dissertation (M.Sc.) -- Jabatan Kimia, Fakulti Sains, Universiti Malaya, 2010. | ||
| 504 | |a Bibliography: leaves 51-54. | ||
| 530 | |a Also issued in CD. | ||
| 650 | 0 | |a Heavy metals |x Absorption and adsorption. | |
| 650 | 0 | |a Atomic absorption spectroscopy. | |
| 710 | 2 | |a Universiti Malaya. |b Jabatan Kimia. | |
| 900 | |a NAR-ZA | ||
| 596 | |a 1 | ||
| 999 | |a QD3 UM 2010 CHU |w LC |c 1 |i A513570870 |d 11/10/2016 |e 11/10/2016 |f 10/1/2011 |g 1 |l STACKS |m P01UTAMA |n 2 |r Y |s Y |t TESIS |u 10/1/2011 | ||
